Holiday Quiz

Random Holiday Quiz

3-Letter Palindromes (A-Z) Quiz Stats

Quiz not verified by Sporcle

Challenge
Share
Tweet
Embed
Score 0/26 Timer 04:00
0 Plays Today
Clue Palindrome % Correct
Fatherdad
98.4%
A baby's protectorbib
95.6%
A prankgag
95.2%
A female bro?sis
93.2%
Silentmum
92.8%
Ocular orbeye
91.6%
To excite to enthusiastic approvalwow
91.6%
The sound of a snorerzzz
91.6%
A cheering interjectionyay
90.4%
Vigor or brisk energypep
90%
Vietnam offensive named for a holidayTet
89.6%
An interjection of disbeliefhuh
89.2%
Electronic guffawingLOL
89.2%
Clue Palindrome % Correct
Gold, in Spanishoro
88.4%
Despotic leader AminIdi
87.6%
Losing Tic Tac Toe rowXOX
87.6%
Ms. Lovelace, the computing and mathematical pioneerAda
81.5%
Diarist and author AnaïsNin
81.5%
The 6th letter of the Hebrew alphabetvav
79.9%
A common hematology test or an Ottawa-based networkCBC
77.9%
A popular IM appKik
76.3%
Very, very loud, in musicfff
75.1%
Initials of a famous naval leader or Led Zeppelin memberJPJ
73.9%
Abbreviation for a triple quadrupole mass spectrometerQqQ
71.1%
Karel Čapek's famed sci-fi playR.U.R.
69.5%
A Nigerian percussion potudu
64.7%

You're not logged in!

Compare scores with friends on all Sporcle quizzes.
Sign Up with Email
OR
Log In

You Might Also Like...

Show Comments

Extras

Top Quizzes Today


Score Distribution

Your Account Isn't Verified!

In order to create a playlist on Sporcle, you need to verify the email address you used during registration. Go to your Sporcle Settings to finish the process.